[Event "AUTO-MASTER-853"]
[Site "http://www.queenalice.com/game.php?id=684838"]
[Date "2009.11.17"]
[Round "2"]
[White "Evandrobit"]
[Black "Jean_Fabio"]
[Result "1/2-1/2"]
[WhiteElo "2285"]
[BlackElo "2345"]

1. d4 Nf6 2. Nf3 g6 3. g3 Bg7 4. Bg2 O-O 5. O-O d5 6. c4 dxc4 7. Qa4 Nc6 8. Qxc4
Be6 9. Qc5 Bg4 10. e3 Ne4 11. Qc2 Nd6 12. a3 Bf5 13. Qe2 Qd7 14. d5 Ne5 15. Nxe5
Bxe5 16. f4 Bg7 17. e4 Bh3 18. e5 Bxg2 19. Kxg2 Nb5 20. Qc4 c6 21. dxc6 bxc6 22.
Nc3 Nxc3 23. Qxc3 f6 24. exf6 Bxf6 25. Qc4+ Qd5+ 26. Qxd5+ cxd5 27. Rb1 Rac8 28.
Be3 d4 1/2-1/2

[Event "AUTO-MASTER-853"]
[Site "http://www.queenalice.com/game.php?id=684839"]
[Date "2009.11.17"]
[Round "2"]
[White "Jean_Fabio"]
[Black "Evandrobit"]
[Result "1-0"]
[WhiteElo "2313"]
[BlackElo "2298"]

1. Nf3 Nf6 2. c4 e6 3. Nc3 d5 4. d4 c6 5. e3 Nbd7 6. Qc2 Bd6 7. Be2 O-O 8. O-O
b6 9. e4 dxe4 10. Nxe4 Nxe4 11. Qxe4 Bb7 12. Rd1 Nf6 13. Qh4 Re8 14. Bd3 c5 15.
dxc5 Bxf3 16. gxf3 bxc5 17. Bc2 Qb6 18. Rb1 Rad8 19. Bg5 Be5 20. Bxh7+ Kf8 21.
Bc2 Rxd1+ 22. Rxd1 Qxb2 23. Ba4 Rb8 24. Bxf6 Bxf6 25. Qh8+ Ke7 26. Rd7# 1-0

[Event "AUTO-MASTER-853"]
[Site "http://www.queenalice.com/game.php?id=684840"]
[Date "2009.11.17"]
[Round "2"]
[White "punk"]
[Black "Jean_Fabio"]
[Result "0-1"]
[WhiteElo "2050"]
[BlackElo "2299"]

1. d4 Nf6 2. c4 e6 3. Nf3 b6 4. g3 Ba6 5. b3 Bb4+ 6. Bd2 Be7 7. Bg2 c6 8. O-O d5
9. cxd5 cxd5 10. Re1 O-O 11. Nc3 Nc6 12. e3 Rc8 13. Na4 Ba3 14. Bc1 Bb4 15. Bd2
Bxd2 16. Nxd2 Nb4 17. Nb2 Nc2 18. Rc1 Nxe1 19. Qxe1 Qe7 20. Bf1 Rxc1 21. Qxc1
Rc8 22. Qb1 Bxf1 23. Nxf1 Ne4 24. f3 Nc3 25. Qd3 Qa3 0-1

[Event "AUTO-MASTER-853"]
[Site "http://www.queenalice.com/game.php?id=684841"]
[Date "2009.11.17"]
[Round "2"]
[White "Jean_Fabio"]
[Black "punk"]
[Result "1-0"]
[WhiteElo "2304"]
[BlackElo "2044"]

1. Nf3 d5 2. d4 Nf6 3. c4 c6 4. Nc3 e6 5. Bg5 Be7 6. e3 Nbd7 7. Bd3 O-O 8. O-O
a6 9. a4 Qb6 10. c5 Qc7 11. b4 e5 12. Nxe5 Nxe5 13. Bf4 Nfd7 14. Rb1 Bf6 15. e4
Qd8 16. dxe5 Nxe5 17. exd5 Nxd3 18. Qxd3 Bxc3 19. Qxc3 Qxd5 20. Rbe1 Be6 21. Re3
Qf5 22. Bd6 Rfe8 23. Rf3 Qd5 24. Rg3 g6 25. Re1 1-0

[Event "AUTO-MASTER-854"]
[Site "http://www.queenalice.com/game.php?id=698938"]
[Date "2009.12.16"]
[Round "2"]
[White "helianthus"]
[Black "Jean_Fabio"]
[Result "1/2-1/2"]
[WhiteElo "2370"]
[BlackElo "2355"]

1. e4 c5 2. Nc3 Nc6 3. g3 g6 4. Bg2 Bg7 5. Nge2 d6 6. d3 e6 7. O-O Nge7 8. f4
O-O 9. Be3 Nd4 10. Qd2 f5 11. Rae1 Rb8 12. Nd1 b5 13. c3 Nxe2+ 14. Qxe2 b4 15.
cxb4 Rxb4 16. e5 Ba6 17. Rf2 Nd5 18. exd6 Nxe3 19. Qxe3 Qxd6 20. Qxe6+ Qxe6 21.
Rxe6 Bxd3 22. Bd5 Kh8 23. Rd2 Rd4 24. Nf2 Bb5 25. Rxd4 cxd4 26. b3 Rc8 27. Bc4
Bxc4 28. bxc4 Bf8 29. Ra6 Rxc4 30. Rxa7 1/2-1/2

[Event "AUTO-MASTER-854"]
[Site "http://www.queenalice.com/game.php?id=698939"]
[Date "2009.12.16"]
[Round "2"]
[White "Jean_Fabio"]
[Black "helianthus"]
[Result "1/2-1/2"]
[WhiteElo "2355"]
[BlackElo "2370"]

1. Nf3 d5 2. g3 c5 3. Bg2 Nc6 4. O-O Nf6 5. d4 Bf5 6. c4 dxc4 7. Ne5 Rc8 8. Nxc6
bxc6 9. dxc5 e5 10. Qxd8+ Kxd8 11. Nd2 Be6 12. Nf3 e4 13. Rd1+ Ke8 14. Ng5 Bd5
15. Be3 h6 16. Nh3 Be7 17. Bd4 g5 18. f3 exf3 19. exf3 Rg8 20. b4 a5 21. a3 Nd7
22. Nf2 f5 23. Re1 Kf7 24. g4 axb4 25. axb4 f4 26. Ra7 Rgd8 27. Ne4 Rb8 28. Nd6+
Kf8 29. h4 1/2-1/2

[Event "AUTO-MASTER-854"]
[Site "http://www.queenalice.com/game.php?id=698940"]
[Date "2009.12.16"]
[Round "2"]
[White "SirKnight"]
[Black "Jean_Fabio"]
[Result "0-1"]
[WhiteElo "2085"]
[BlackElo "2325"]

1. e4 e5 2. Nf3 Nf6 3. Nxe5 d6 4. Nf3 Nxe4 5. Nc3 Nxc3 6. bxc3 d5 7. d4 Be7 8.
Bd3 O-O 9. O-O c5 10. Re1 c4 11. Be2 Bd6 12. Bg5 Qc7 13. Bh4 Bf5 14. Bg3 Bxg3
15. hxg3 Nd7 16. Nh4 Be6 17. Bg4 Rae8 18. Bxe6 Rxe6 19. Nf5 Nf6 20. Qf3 Ne4 21.
Ne3 Qd8 22. Ng4 Qb6 23. Ne5 Qb2 24. Rab1 Qxc2 25. Rbc1 Qxa2 0-1

[Event "AUTO-MASTER-854"]
[Site "http://www.queenalice.com/game.php?id=698941"]
[Date "2009.12.16"]
[Round "2"]
[White "Jean_Fabio"]
[Black "SirKnight"]
[Result "1-0"]
[WhiteElo "2308"]
[BlackElo "2079"]

1. Nf3 Nf6 2. c4 c5 3. Nc3 g6 4. d4 cxd4 5. Nxd4 Bg7 6. g3 Nc6 7. Bg2 Rb8 8. Bf4
d6 9. Bxc6+ bxc6 10. Nxc6 Qb6 11. Nxb8 Qxb8 12. Qa4+ Bd7 13. Nb5 O-O 14. Qxa7
Bxb5 15. Qxb8 Rxb8 16. cxb5 Nd5 17. a4 Bxb2 18. Rb1 Bc3+ 19. Bd2 Bxd2+ 20. Kxd2
Nb6 21. Rb4 d5 22. Ra1 1-0

[Event "AUTO-MASTER-764"]
[Site "http://www.queenalice.com/game.php?id=699859"]
[Date "2009.12.18"]
[Round "3"]
[White "Jean_Fabio"]
[Black "seigneur"]
[Result "1-0"]
[WhiteElo "2355"]
[BlackElo "2253"]

1. Nf3 Nf6 2. d4 g6 3. c4 Bg7 4. g3 O-O 5. Bg2 d6 6. O-O Nc6 7. Nc3 Rb8 8. h3 e5
9. Be3 a6 10. dxe5 dxe5 11. Qb3 h6 12. Rad1 Bd7 13. Nd5 Kh7 14. g4 Qc8 15. Bxh6
Nxd5 16. Bxg7 1-0

[Event "AUTO-MASTER-764"]
[Site "http://www.queenalice.com/game.php?id=699860"]
[Date "2009.12.18"]
[Round "3"]
[White "seigneur"]
[Black "Jean_Fabio"]
[Result "0-1"]
[WhiteElo "2252"]
[BlackElo "2364"]

1. e4 c5 2. Nf3 Nc6 3. d4 cxd4 4. Nxd4 e6 5. Nc3 a6 6. Be2 Nge7 7. O-O Nxd4 8.
Qxd4 Nc6 9. Qd3 Qc7 10. Bg5 Bd6 11. Qh3 Be5 12. a3 O-O 13. f4 Bd4+ 14. Kh1 f6
15. Bh4 d6 16. Rad1 Qb6 17. Rf3 Qxb2 18. Rb1 Qxa3 0-1

[Event "AUTO-MASTER-844"]
[Site "http://www.queenalice.com/game.php?id=725477"]
[Date "2010.2.3"]
[Round "2"]
[White "killtochess"]
[Black "Jean_Fabio"]
[Result "0-1"]
[WhiteElo "2139"]
[BlackElo "2349"]

1. e4 c5 2. Nc3 e6 3. g3 Nc6 4. Bg2 g6 5. f4 Bg7 6. Nf3 d6 7. O-O Nge7 8. d3 O-O
9. Be3 b6 10. Qd2 Nd4 11. e5 Nxf3+ 12. Bxf3 Rb8 13. Rae1 Bb7 14. Bxb7 Rxb7 15.
Ne4 Nf5 16. Qg2 dxe5 17. fxe5 Nxe3 18. Rxe3 Qd4 19. Re1 Qxe5 20. Nf6+ Qxf6 21.
Qxb7 Qxb2 22. R3e2 Qxa2 23. Rf1 Bd4+ 24. Kg2 e5 25. Qf3 Qe6 26. h4 f5 27. g4 f4
28. h5 gxh5 29. gxh5 Kh8 30. Kh1 b5 31. Rg2 a5 32. Re1 a4 33. c4 b4 34. Rg4 a3
35. Qg2 f3 36. Qh3 Rf4 37. Re4 a2 0-1

[Event "AUTO-MASTER-844"]
[Site "http://www.queenalice.com/game.php?id=725478"]
[Date "2010.2.3"]
[Round "2"]
[White "Jean_Fabio"]
[Black "killtochess"]
[Result "1-0"]
[WhiteElo "2343"]
[BlackElo "2145"]

1. e4 e5 2. Nf3 Nc6 3. Bb5 a6 4. Ba4 Nf6 5. O-O Be7 6. Re1 b5 7. Bb3 O-O 8. h3
d6 9. c3 Bb7 10. d4 Re8 11. Nbd2 Bf8 12. Bc2 Nb8 13. a4 Nbd7 14. b4 c5 15. d5
Qc7 16. Nf1 Rec8 17. Ne3 g6 18. Qe2 cxb4 19. cxb4 Qc3 20. Bd2 Qc7 21. axb5 axb5
22. Qxb5 Bh6 23. Bd3 Nxe4 24. Bxe4 Bxe3 25. Bxe3 f5 26. Bd3 e4 27. Rac1 1-0

[Event "wilson x jean"]
[Site "http://www.queenalice.com/game.php?id=751808"]
[Date "2010.3.26"]
[Round "-"]
[White "WilsonFerreira"]
[Black "Jean_Fabio"]
[Result "1-0"]
[WhiteElo "2005"]
[BlackElo "2375"]

1. e4 c5 2. Nf3 d6 3. Bc4 Nf6 4. Nc3 e6 5. e5 dxe5 6. Nxe5 Bd6 7. d4 Nbd7 8. Qe2
O-O 9. Nxf7 Rxf7 10. Bxe6 cxd4 11. Bxf7+ Kxf7 12. Qc4+ Kf8 13. Qxd4 Qe7+ 14. Be3
Be5 15. Qd2 Nb6 16. O-O-O Bg4 17. Rdf1 Nc4 18. Qd3 Nxb2 19. Qb5 Bxc3 20. Bc5
Bd2+ 21. Kxb2 Bc3+ 22. Kb1 1-0

[Event "wilson x jean"]
[Site "http://www.queenalice.com/game.php?id=751809"]
[Date "2010.3.26"]
[Round "-"]
[White "WilsonFerreira"]
[Black "Jean_Fabio"]
[Result "0-1"]
[WhiteElo "2013"]
[BlackElo "2352"]

1. d4 Nf6 2. Bf4 e6 3. Nd2 d5 4. e3 Bd6 5. Ne2 O-O 6. g3 Nc6 7. Bg2 e5 8. dxe5
Nxe5 9. Nb3 Re8 10. O-O c6 11. Nbd4 Qb6 12. b3 c5 13. Nf3 Bg4 14. Bxe5 Bxe5 15.
Nxe5 Rxe5 16. Qd2 Ne4 17. Bxe4 dxe4 18. Nc3 Bf3 19. Nd5 Qe6 20. Nf4 Qf5 21. Rad1
g5 22. Ng2 Qh3 23. Ne1 g4 24. Qa5 Qxh2+ 0-1

[Event "jean x wilson"]
[Site "http://www.queenalice.com/game.php?id=751810"]
[Date "2010.3.26"]
[Round "-"]
[White "Jean_Fabio"]
[Black "WilsonFerreira"]
[Result "1-0"]
[WhiteElo "2373"]
[BlackElo "2053"]

1. e4 c5 2. Nf3 e6 3. d4 cxd4 4. Nxd4 Bc5 5. Nb3 Bb6 6. Nc3 Nc6 7. Bf4 Qh4 8.
Bg3 Qf6 9. e5 Nxe5 10. Ne4 Qg6 11. Nd6+ Kf8 12. Bxe5 f6 13. Qf3 Ne7 14. Bd3 Qh6
15. O-O Ng6 16. Bg3 Ke7 17. Rae1 Rd8 18. Nf5+ 1-0

[Event "Challenge 1"]
[Site "http://www.queenalice.com/game.php?id=769662"]
[Date "2010.5.2"]
[Round "-"]
[White "Jean_Fabio"]
[Black "WilsonFerreira"]
[Result "1-0"]
[WhiteElo "2354"]
[BlackElo "2029"]

1. e4 c5 2. Nf3 e6 3. d4 cxd4 4. Nxd4 Bc5 5. Nb3 Bb6 6. Nc3 d6 7. Nb5 d5 8. Bf4
Ne7 9. Nd6+ Kf8 10. Qf3 Nbc6 11. Bg3 f6 12. O-O-O d4 13. Nc4 e5 14. Nxe5 Nxe5
15. Bxe5 Kf7 16. Bc4+ Be6 17. Bxe6+ Kxe6 18. Nxd4+ Bxd4 19. Bxd4 Qa5 20. Qb3+
1-0

[Event "Challenge 2"]
[Site "http://www.queenalice.com/game.php?id=769663"]
[Date "2010.5.2"]
[Round "-"]
[White "Jean_Fabio"]
[Black "WilsonFerreira"]
[Result "1-0"]
[WhiteElo "2359"]
[BlackElo "1945"]

1. d4 Nf6 2. Nc3 e6 3. e4 d6 4. Nf3 Be7 5. Be2 Nc6 6. O-O O-O 7. a3 e5 8. d5 Nb8
9. Qd3 c6 10. Nd2 Na6 11. Nb3 cxd5 12. exd5 b6 13. Qg3 Bf5 14. Bxa6 Bxc2 15. Nd2
Bg6 16. Nc4 Ne4 17. Nxe4 Bxe4 18. Bh6 Bg6 19. Bd2 f5 20. f4 e4 21. Rac1 Bh4 22.
Qh3 Bf7 23. Bb4 Bxd5 24. Rfd1 Bxc4 25. Bxc4+ Kh8 26. Bxd6 Re8 27. Qxf5 Qf6 28.
Qxf6 Bxf6 29. Bf7 Red8 30. Be5 Rxd1+ 31. Rxd1 Bxe5 32. fxe5 Rf8 33. e6 Rc8 34.
e7 1-0

[Event "Challenge 3"]
[Site "http://www.queenalice.com/game.php?id=769664"]
[Date "2010.5.2"]
[Round "-"]
[White "Jean_Fabio"]
[Black "WilsonFerreira"]
[Result "1-0"]
[WhiteElo "2356"]
[BlackElo "1997"]

1. Nf3 d5 2. g3 Bf5 3. Bg2 e6 4. O-O Nf6 5. d3 c5 6. c4 Nbd7 7. Nh4 Bg6 8. cxd5
exd5 9. Nc3 Nb6 10. Bg5 Be7 11. a4 O-O 12. Nxg6 fxg6 13. a5 Nc8 14. a6 bxa6 15.
Bxf6 Bxf6 16. Bxd5+ Kh8 17. Bxa8 Nb6 18. Bg2 Bd4 19. e3 Bf6 20. Rxa6 h5 21. Rxa7
h4 22. Qg4 Qxd3 23. Be4 Qc4 24. Qxg6 1-0

[Event "Challenge 4"]
[Site "http://www.queenalice.com/game.php?id=769665"]
[Date "2010.5.2"]
[Round "-"]
[White "Jean_Fabio"]
[Black "WilsonFerreira"]
[Result "1-0"]
[WhiteElo "2357"]
[BlackElo "1946"]

1. Nc3 e5 2. e4 Nf6 3. Nf3 d6 4. Bc4 Be7 5. d4 Bg4 6. dxe5 Nfd7 7. exd6 Bxd6 8.
Bg5 Be7 9. Qd4 O-O 10. Bxe7 Qxe7 11. Nd5 Qd6 12. e5 Nxe5 13. Qxe5 Qxe5+ 14. Nxe5
Re8 15. f4 Nd7 16. O-O Nxe5 17. fxe5 Rxe5 18. Nxc7 Rc8 19. Rxf7 Kh8 20. Nb5 h6
21. Nd6 Rd8 22. Nxb7 Rde8 23. Bd3 Bh5 24. Nd6 Bxf7 25. Nxf7+ Kg8 26. Nxe5 Rxe5
27. Rf1 1-0

[Event "Challenge 5"]
[Site "http://www.queenalice.com/game.php?id=769667"]
[Date "2010.5.2"]
[Round "-"]
[White "WilsonFerreira"]
[Black "Jean_Fabio"]
[Result "0-1"]
[WhiteElo "1899"]
[BlackElo "2358"]

1. e4 c5 2. Nf3 d6 3. Be2 Nc6 4. d4 cxd4 5. Nxd4 Nf6 6. Nc3 e6 7. Be3 Be7 8. h3
O-O 9. O-O Bd7 10. f4 a6 11. f5 Qc7 12. Bc4 Na5 13. Bd3 Nc4 14. Bc1 Nxb2 15.
Bxb2 Qb6 16. Na4 Bxa4 17. Rb1 e5 18. Bc3 Qc5 19. Ba1 exd4 20. Rxb7 Rfe8 21. g4
Bc6 22. Rb1 Nxe4 23. Bxe4 Bxe4 24. Bxd4 Qa3 25. Rb3 Qxa2 26. Qd2 d5 27. f6 Bxf6
28. Bxf6 gxf6 29. Rxf6 Bg6 30. Rb7 Rac8 31. Rfb6 Rxc2 0-1